| 000 | 00874nam a2200217 a 4500 | ||
|---|---|---|---|
| 003 | 0 | ||
| 005 | 20250312104947.0 | ||
| 008 | 080725s19uu xx 00 eng d | ||
| 050 |
_aPGS LB 1044.9.T43.W38 _b.G337 2008 |
||
| 100 | _aGentalian, Isabel. | ||
| 245 |
_aThe relationship of watching educational channels on the academic performance of Grade 5 students / _cIsabel Gentalian. |
||
| 260 |
_aLas PiƱas City, Philippines : _bSouthville International School and Colleges, _c2008. |
||
| 300 |
_a23 pages : _billustrations ; _c28 cm. |
||
| 504 | _aIncludes bibliographical references. | ||
| 650 |
_aEducational television _vInfluence on students. |
||
| 650 | _aTelevision in education. | ||
| 650 |
_aAcademic achievement _vInfluences. |
||
| 650 | _aEducational media and learning outcomes. | ||
| 650 |
_aChildren and television _vEffects. |
||
| 942 |
_2lcc _cPASS |
||
| 999 |
_c97938 _d97938 |
||